| 000 | 01218cam a2200313 i 4500 | ||
|---|---|---|---|
| 001 | 22875114 | ||
| 003 | MY-SjTCS | ||
| 005 | 20241015131844.0 | ||
| 008 | 221122s2023 enka b 001 0 eng | ||
| 020 |
_a9781032264134 _qpaperback |
||
| 020 |
_a9781032264127 _qhardback |
||
| 020 |
_z9781003288183 _qeBook |
||
| 040 |
_aDLC _beng _erda _cDLC _dDLC _dMY-SjTCS |
||
| 082 | 0 | 4 |
_a370.72 _bGLE 2023 |
| 100 | 1 |
_aGlenn, Máirín, _eauthor. _9307744 |
|
| 245 | 1 | 0 |
_aAction research for the classroom : _ba guide to values-based research in practice / _cMáirín Glenn, Bernie Sullivan, Mary Roche and Caitriona McDonagh. |
| 250 | _aFirst edition. | ||
| 264 | 1 |
_aLondon ; _aNew York : _bRoutledge, Taylor & Francis Group, _c2023. |
|
| 300 |
_axi, 143 pages : _billustrations ; _c25 cm |
||
| 336 |
_atext _2rdacontent |
||
| 337 |
_aunmediated _2rdamedia |
||
| 338 |
_avolume _2rdacarrier |
||
| 504 | _aIncludes bibliographical references (pages 130-138) and index. | ||
| 650 | 0 |
_aAction research in education _910782 |
|
| 700 | 1 |
_aSullivan, Bernie, _eauthor. _9307745 |
|
| 700 | 1 |
_aMcDonagh, Caitriona, _eauthor. _9307746 |
|
| 700 | 1 |
_aRoche, Mary _c(Lecturer in education), _eauthor. _9307747 |
|
| 920 | _aSOED : 337322, 337323 | ||
| 999 | _c191397 | ||